| 000 | 01030 a2200349 4500 | ||
|---|---|---|---|
| 999 |
_c74631 _d35653 |
||
| 001 | 74631 | ||
| 003 | TR-AnTOB | ||
| 005 | 20230711161355.0 | ||
| 008 | 110729s1989 tu e 000 0 | ||
| 020 | _a9751703654 | ||
| 040 |
_aTR-AnTOB _cTR-AnTOB _beng _erda |
||
| 041 | _atur | ||
| 050 |
_aLA2313.T86 _bA47 1989 |
||
| 090 | _aLA2313 .T86 A47 1989 | ||
| 100 |
_aAltıntaş, Hayrani _954404 |
||
| 245 | 0 |
_aMustafa Şekip Tunç / _cHayrani Altıntaş. |
|
| 250 | _a1. bs. | ||
| 264 | 1 |
_aAnkara: _bKültür Bakanlığı, _c1989. |
|
| 300 | _aVIII, 184 s. | ||
| 336 |
_2rdacontent _atext _btxt |
||
| 337 |
_2rdamedia _aunmediated _bn |
||
| 338 |
_2rdacarrier _avolume _bnc |
||
| 490 | 0 |
_aKültür Bakanlığı Yayınlar ; _v1040 |
|
| 590 | _aSayın Celil Güngör tarafından bağışlanmıştır. | ||
| 600 |
_aTunç, M. Şekip, _d1886-1958 _954405 |
||
| 650 | 0 |
_aEğitimciler _zTürkiye _vBiyografi _986240 |
|
| 902 | _a0028987 | ||
| 903 | _aMerkez Kütüphane | ||
| 942 |
_cBK _2lcc |
||
| 945 | _aÇP | ||